<?xml version="1.0" encoding="UTF-8"?>
<record
    xmlns:xsi="http://www.w3.org/2001/XMLSchema-instance"
    xsi:schemaLocation="http://www.loc.gov/MARC21/slim http://www.loc.gov/standards/marcxml/schema/MARC21slim.xsd"
    xmlns="http://www.loc.gov/MARC21/slim">

  <leader>00879nam a22002177a 4500</leader>
  <controlfield tag="001">74560</controlfield>
  <controlfield tag="003">BD-RjUL</controlfield>
  <controlfield tag="005">20211209082553.0</controlfield>
  <controlfield tag="008">181025s1973    bg ||||| |||| 00| 0 eng d</controlfield>
  <datafield tag="035" ind1=" " ind2=" ">
    <subfield code="a">(BD-RjUL)74778</subfield>
  </datafield>
  <datafield tag="040" ind1=" " ind2=" ">
    <subfield code="a">BD-RjUL</subfield>
    <subfield code="b">ben</subfield>
    <subfield code="c">BD-RjUL</subfield>
  </datafield>
  <datafield tag="041" ind1=" " ind2=" ">
    <subfield code="a">ben</subfield>
  </datafield>
  <datafield tag="082" ind1=" " ind2=" ">
    <subfield code="a">891.4408 </subfield>
    <subfield code="b">TOM 1973</subfield>
  </datafield>
  <datafield tag="245" ind1=" " ind2=" ">
    <subfield code="a">&#x9A4;&#x9CB;&#x9AE;&#x9BE;&#x9B0; &#x9B8;&#x9BE;&#x9AE;&#x9CD;&#x9B0;&#x9BE;&#x99C;&#x9CD;&#x9AF;&#x9C7;, &#x9AF;&#x9C1;&#x9AC;&#x9B0;&#x9BE;&#x99C; /</subfield>
    <subfield code="c">&#x9B8;&#x9AE;&#x9CD;&#x9AA;&#x9BE;&#x9A6;&#x9A8;&#x9BE;&#x9AF;&#x9BC; &#x9B9;&#x9BE;&#x9AF;&#x9BC;&#x9BE;&#x9CE; &#x9AE;&#x9BE;&#x9AE;&#x9C1;&#x9A6; &#x993; &#x99C;&#x9CD;&#x9AF;&#x9CB;&#x9A4;&#x9BF;&#x9AA;&#x9CD;&#x9B0;&#x995;&#x9BE;&#x9B6; &#x9A6;&#x9A4;&#x9CD;&#x9A4; </subfield>
  </datafield>
  <datafield tag="300" ind1=" " ind2=" ">
    <subfield code="a">&#x9EB;&#x9EC;&#x9EB; &#x9AA;&#x9C3;. ;</subfield>
    <subfield code="c">&#x9E8;&#x9EA; &#x9B8;&#x9C7;&#x9AE;&#x9BF;.</subfield>
  </datafield>
  <datafield tag="650" ind1=" " ind2=" ">
    <subfield code="a">&#x9AC;&#x9BE;&#x982;&#x9B2;&#x9BE; &#x9B8;&#x9BE;&#x9B9;&#x9BF;&#x9A4;&#x9CD;&#x9AF; </subfield>
    <subfield code="x">&#x9B8;&#x982;&#x997;&#x9CD;&#x9B0;&#x9B9;&#x9B8;&#x9AE;&#x9C2;&#x9B9;</subfield>
    <subfield code="9">224219</subfield>
  </datafield>
  <datafield tag="650" ind1=" " ind2=" ">
    <subfield code="a">Bengali Literature </subfield>
    <subfield code="x">Collection</subfield>
    <subfield code="9">224220</subfield>
  </datafield>
  <datafield tag="700" ind1=" " ind2=" ">
    <subfield code="a">&#x9AE;&#x9BE;&#x9AE;&#x9C1;&#x9A6; , &#x9B9;&#x9BE;&#x9AF;&#x9BC;&#x9BE;&#x9CE; </subfield>
    <subfield code="9">224223</subfield>
  </datafield>
  <datafield tag="700" ind1=" " ind2=" ">
    <subfield code="a">&#x9A6;&#x9A4;&#x9CD;&#x9A4;, &#x99C;&#x9CD;&#x9AF;&#x9CB;&#x9A4;&#x9BF;&#x9AA;&#x9CD;&#x9B0;&#x995;&#x9BE;&#x9B6;  </subfield>
    <subfield code="9">224224</subfield>
  </datafield>
  <datafield tag="942" ind1=" " ind2=" ">
    <subfield code="2">ddc</subfield>
    <subfield code="c">BK</subfield>
  </datafield>
  <datafield tag="999" ind1=" " ind2=" ">
    <subfield code="c">74560</subfield>
    <subfield code="d">74560</subfield>
  </datafield>
  <datafield tag="952" ind1=" " ind2=" ">
    <subfield code="0">0</subfield>
    <subfield code="1">0</subfield>
    <subfield code="2">ddc</subfield>
    <subfield code="4">0</subfield>
    <subfield code="7">1</subfield>
    <subfield code="8">NFIC</subfield>
    <subfield code="a">RUCL</subfield>
    <subfield code="b">RUCL</subfield>
    <subfield code="c">Reading</subfield>
    <subfield code="d">1973-08-30</subfield>
    <subfield code="e">Nowrose katabastan</subfield>
    <subfield code="g">25.00</subfield>
    <subfield code="l">0</subfield>
    <subfield code="o">B 891.4408  TOM 1973</subfield>
    <subfield code="r">2018-10-25 00:00:00</subfield>
    <subfield code="t">C-1</subfield>
    <subfield code="w">2018-10-25</subfield>
    <subfield code="y">BK</subfield>
  </datafield>
</record>
